[Event "AUTO-ADV-3222"]
[Site "http://www.queenalice.com/game.php?id=1303333"]
[Date "2014.8.22"]
[Round "1"]
[White "Scooby_99"]
[Black "oggie"]
[Result "0-1"]
[WhiteElo "1868"]
[BlackElo "2074"]

1. e4 c5 2. d3 d6 3. Nf3 Nf6 4. Be2 a6 5. Nc3 e6 6. Bd2 b5 7. h3 Bb7 8. a3 Nbd7
9. O-O Be7 10. Rb1 Qc7 11. Qc1 O-O 12. Nd1 Rac8 13. Ne3 Rfd8 14. Qe1 Qc6 15. Qd1
d5 16. e5 Nh5 17. Ng4 Qc7 18. Re1 d4 19. Bf1 Bf8 20. Ngh2 g6 21. Ng4 Bg7 22.
Nh6+ Bxh6 23. Bxh6 Bxf3 24. Qxf3 Nxe5 25. Qe4 Nd7 26. Be2 Nhf6 27. Qh4 Nd5 28.
Bf3 Qd6 29. Bxd5 Qxd5 30. Re4 Re8 31. Rbe1 e5 32. f4 f5 33. R4e2 e4 34. dxe4
fxe4 35. Kh1 e3 36. Rf1 Qc4 37. Rfe1 Qa2 38. f5 Qxb2 39. fxg6 hxg6 40. Qg5 Ne5
41. Qf6 Rc7 42. c4 Qc3 43. cxb5 axb5 44. Bf4 Rf7 45. Qg5 Rf5 46. Qh6 Rh5 0-1

[Event "AUTO-ADV-3222"]
[Site "http://www.queenalice.com/game.php?id=1303334"]
[Date "2014.8.22"]
[Round "1"]
[White "oggie"]
[Black "TITAN10"]
[Result "1-0"]
[WhiteElo "2044"]
[BlackElo "1731"]

1. e4 c5 2. Nf3 d6 3. d4 cxd4 4. Nxd4 Nc6 5. Bb5 Bd7 6. Nc3 a6 7. Nxc6 Bxc6 8.
Bxc6+ bxc6 9. Be3 Nf6 10. a4 e5 11. a5 Nd7 12. O-O Be7 13. f4 O-O 14. f5 f6 15.
Rf3 Rf7 16. Qe2 Bf8 17. Rh3 h6 18. Rg3 Kh8 19. Qc4 Re7 20. Qxc6 Rf7 21. Qc4 Re7
22. Nd5 Re8 23. Qe2 Nc5 24. Bxh6 Qd7 25. Qh5 1-0

[Event "AUTO-ADV-3222"]
[Site "http://www.queenalice.com/game.php?id=1303335"]
[Date "2014.8.22"]
[Round "1"]
[White "TITAN10"]
[Black "oggie"]
[Result "0-1"]
[WhiteElo "1728"]
[BlackElo "2047"]

1. e4 c5 2. Nf3 d6 3. Bc4 Nf6 4. Nc3 a6 5. h3 e6 6. d4 cxd4 7. Nxd4 b5 8. Bd3
Qc7 9. Bg5 Nbd7 10. O-O Bb7 11. Re1 Be7 12. Nf3 O-O 13. a3 Rac8 14. Rc1 Rfd8 15.
Ne2 Nc5 16. Ng3 h6 17. Bxf6 Bxf6 18. Rb1 Nxd3 19. cxd3 Qc2 20. Qxc2 Rxc2 21.
Rec1 Rxc1+ 22. Rxc1 Bxb2 23. Rc7 Rb8 24. Rd7 d5 25. exd5 Bxd5 26. Nd2 Bxa3 0-1

[Event "AUTO-ADV-3222"]
[Site "http://www.queenalice.com/game.php?id=1303336"]
[Date "2014.8.22"]
[Round "1"]
[White "oggie"]
[Black "TorresR"]
[Result "1-0"]
[WhiteElo "2085"]
[BlackElo "1765"]

1. e4 Nc6 2. Nf3 f5 3. e5 d6 4. d4 dxe5 5. dxe5 Qxd1+ 6. Kxd1 e6 7. Nc3 Nge7 8.
Bc4 Ng6 9. Re1 Bc5 10. Nb5 Bb6 11. c3 O-O 12. Nbd4 Bd7 13. Nxe6 Bxe6 14. Bxe6+
Kh8 15. Re2 Rfe8 16. Bf7 Rad8+ 17. Kc2 Re7 18. Bxg6 hxg6 19. Bg5 Rde8 20. Bxe7
Rxe7 21. Rd1 Kg8 22. b4 a6 23. a4 Re6 24. b5 Na5 25. Rd8+ Kf7 26. Ng5+ Ke7 27.
Nxe6 Kxe6 28. Rg8 Nc4 29. bxa6 bxa6 30. Rxg7 1-0

[Event "AUTO-ADV-3222"]
[Site "http://www.queenalice.com/game.php?id=1303337"]
[Date "2014.8.22"]
[Round "1"]
[White "TorresR"]
[Black "oggie"]
[Result "0-1"]
[WhiteElo "1722"]
[BlackElo "2158"]

1. d4 d5 2. c4 e6 3. Nc3 Nf6 4. Bg5 Nbd7 5. e3 c6 6. c5 a5 7. Nf3 b6 8. cxb6
Qxb6 9. Rb1 Bd6 10. Bd3 O-O 11. O-O h6 12. Bh4 Ba6 13. a3 Rfc8 14. h3 c5 15. Na4
Qa7 16. Bg3 Bxg3 17. Bxa6 Bxf2+ 18. Rxf2 Qxa6 19. dxc5 Nxc5 20. Nxc5 Rxc5 21.
Nd4 Rac8 22. Kh2 Ne4 23. Rf1 Qa7 24. Kg1 Rc4 25. Qh5 Nd2 0-1

[Event "AUTO-ADV-3158"]
[Site "http://www.queenalice.com/game.php?id=1303581"]
[Date "2014.8.23"]
[Round "2"]
[White "oggie"]
[Black "Pagano"]
[Result "1-0"]
[WhiteElo "2110"]
[BlackElo "2081"]

1. e4 c6 2. d4 d5 3. exd5 cxd5 4. c4 Nf6 5. Nf3 e6 6. Nc3 Bd7 7. Bg5 Bb4 8. Qb3
Bxc3+ 9. bxc3 dxc4 10. Bxc4 O-O 11. O-O Bc6 12. Ne5 Bd5 13. Bxf6 gxf6 14. Bxd5
Qxd5 15. c4 Qa5 16. Qxb7 Na6 17. Nxf7 Rab8 18. Nh6+ Kh8 19. Qc6 Rb6 20. Qe4 f5
21. Qh4 e5 22. Qe7 Qb4 23. c5 Rbb8 24. Qxe5+ 1-0

[Event "AUTO-ADV-3158"]
[Site "http://www.queenalice.com/game.php?id=1303582"]
[Date "2014.8.23"]
[Round "2"]
[White "Pagano"]
[Black "oggie"]
[Result "0-1"]
[WhiteElo "2097"]
[BlackElo "2097"]

1. e4 c5 2. Nf3 d6 3. c3 Nf6 4. Bc4 Nxe4 5. Qa4+ Nc6 6. Bxf7+ Kxf7 7. Qxe4 e5 8.
O-O Qf6 9. d4 Bf5 10. Qd5+ Be6 11. Qe4 cxd4 12. cxd4 Qf5 13. Qxf5+ Bxf5 14. dxe5
dxe5 15. Be3 Bb4 16. a3 Be7 17. Nc3 Rad8 18. Ng5+ Kg6 19. Nge4 Nd4 20. Bxd4 exd4
21. g4 Bxg4 22. Nb5 Be2 0-1

[Event "AUTO-ADV-3158"]
[Site "http://www.queenalice.com/game.php?id=1303583"]
[Date "2014.8.23"]
[Round "2"]
[White "oggie"]
[Black "jlpbarreto"]
[Result "1-0"]
[WhiteElo "2014"]
[BlackElo "1907"]

1. e4 e5 2. Nf3 Nc6 3. Bc4 Bc5 4. O-O Nf6 5. c3 d5 6. exd5 Nxd5 7. Re1 Bg4 8. d4
Bb6 9. Nxe5 Be6 10. Nxf7 Kxf7 11. Qf3+ Ke8 12. Bxd5 1-0

[Event "AUTO-ADV-3158"]
[Site "http://www.queenalice.com/game.php?id=1303584"]
[Date "2014.8.23"]
[Round "2"]
[White "jlpbarreto"]
[Black "oggie"]
[Result "0-1"]
[WhiteElo "1978"]
[BlackElo "2121"]

1. e4 c5 2. Nf3 d6 3. d4 cxd4 4. Nxd4 Nf6 5. Nc3 a6 6. Be2 Qc7 7. O-O e6 8. Re1
Be7 9. Be3 e5 10. Nf3 Be6 11. Ng5 O-O 12. Na4 Nbd7 13. h3 b5 14. Nc3 h6 15. Nf3
Rfd8 16. Qd2 Nc5 17. Bd3 Rac8 18. a3 Qc6 19. Rac1 Qb7 20. Kh2 Rd7 21. Ng1 Nfxe4
22. Nxe4 Nxe4 23. Bxe4 Qxe4 24. Bxh6 Qg6 25. Be3 d5 26. c3 Rc4 27. f3 Rh4 28.
Bf2 Bg5 29. Be3 Bf6 30. Bf2 Rh6 31. Be3 Rh8 32. Qc2 Bf5 33. Qe2 Bd8 34. Red1 Bc7
35. Bf2 e4+ 36. Kh1 Qd6 37. g3 Bxh3 38. Nxh3 Rxh3+ 39. Kg2 Rxg3+ 40. Bxg3 Qxg3+
41. Kf1 exf3 42. Qf2 Qh3+ 43. Ke1 Bf4 0-1

[Event "AUTO-ADV-3158"]
[Site "http://www.queenalice.com/game.php?id=1303585"]
[Date "2014.8.23"]
[Round "2"]
[White "oggie"]
[Black "Greeley"]
[Result "1-0"]
[WhiteElo "2059"]
[BlackElo "2031"]

1. e4 d5 2. exd5 Qxd5 3. Nc3 Qd6 4. d4 Nf6 5. Nf3 a6 6. Bc4 b5 7. Bb3 Bb7 8. Be3
e6 9. Qd2 Be7 10. Bf4 Qb6 11. Ne5 O-O 12. h3 Bxg2 13. Rg1 Bxh3 14. Rxg7+ Kh8 15.
Bh6 Nc6 16. Qg5 Nxe5 17. Rxh7+ 1-0

[Event "AUTO-ADV-3158"]
[Site "http://www.queenalice.com/game.php?id=1303586"]
[Date "2014.8.23"]
[Round "2"]
[White "Greeley"]
[Black "oggie"]
[Result "0-1"]
[WhiteElo "2016"]
[BlackElo "2082"]

1. b4 d5 2. Bb2 Nf6 3. e3 Bf5 4. Nf3 e6 5. a3 c5 6. bxc5 Bxc5 7. Be2 Nc6 8. O-O
O-O 9. c4 Rc8 10. d4 Qb6 11. Bc3 Be7 12. Nbd2 dxc4 13. Nxc4 Qc7 14. Nfd2 Nd5 15.
Bb2 b5 16. e4 bxc4 17. exd5 exd5 0-1

[Event "AUTO-ADV-3195"]
[Site "http://www.queenalice.com/game.php?id=1304870"]
[Date "2014.8.29"]
[Round "2"]
[White "oggie"]
[Black "monok"]
[Result "1-0"]
[WhiteElo "2026"]
[BlackElo "2087"]

1. e4 e6 2. d4 d5 3. exd5 exd5 4. c4 Nf6 5. Nf3 Be6 6. Qb3 Nbd7 7. Nc3 dxc4 8.
Qxb7 Bd6 9. Ng5 Bf5 10. Qf3 O-O 11. Qxf5 1-0

[Event "AUTO-ADV-3195"]
[Site "http://www.queenalice.com/game.php?id=1304871"]
[Date "2014.8.29"]
[Round "2"]
[White "monok"]
[Black "oggie"]
[Result "0-1"]
[WhiteElo "2064"]
[BlackElo "2149"]

1. e4 c5 2. Nf3 d6 3. d4 cxd4 4. Nxd4 Nf6 5. Nc3 a6 6. Be3 e5 7. Nf5 Nxe4 8.
Nxg7+ Bxg7 9. Nxe4 d5 10. Ng3 Nc6 11. Be2 d4 12. Bd2 Be6 13. Bd3 Qc7 14. Ne4 h5
15. Qf3 O-O-O 16. b4 Bg4 17. Qg3 f5 18. Nc5 h4 19. Bxf5+ Bxf5 20. Qa3 e4 21.
O-O-O Bf8 22. b5 Ne5 23. Bb4 Nc4 24. Qb3 axb5 0-1

[Event "AUTO-ADV-3195"]
[Site "http://www.queenalice.com/game.php?id=1304872"]
[Date "2014.8.29"]
[Round "2"]
[White "oggie"]
[Black "charles"]
[Result "1-0"]
[WhiteElo "2129"]
[BlackElo "2013"]

1. e4 e5 2. Nf3 Nc6 3. Bc4 h6 4. c3 Nf6 5. O-O Bc5 6. Re1 Ng4 7. d4 exd4 8. cxd4
Bb4 9. Nc3 O-O 10. h3 Nf6 11. e5 Nh7 12. d5 Ne7 13. Qc2 Ng6 14. Bd3 d6 15. e6
fxe6 16. Bxg6 Nf6 17. dxe6 Qe7 18. Nd4 d5 19. Nf5 Qc5 20. e7 1-0

[Event "AUTO-ADV-3195"]
[Site "http://www.queenalice.com/game.php?id=1304873"]
[Date "2014.8.29"]
[Round "2"]
[White "charles"]
[Black "oggie"]
[Result "1-0"]
[WhiteElo "1995"]
[BlackElo "2134"]

1. e4 c5 2. Bc4 d6 3. h3 Nf6 4. Nc3 e6 5. Nf3 a6 6. O-O b5 7. Be2 Bb7 8. d3 Nbd7
9. a3 Be7 10. Bf4 O-O 11. Qd2 Qc7 12. b4 Qb6 13. Be3 Rac8 14. Rab1 Qc7 15. bxc5
Nxc5 16. Rb4 Rfd8 17. Bd1 Nfd7 18. Nd4 1-0

[Event "AUTO-ADV-3195"]
[Site "http://www.queenalice.com/game.php?id=1304874"]
[Date "2014.8.29"]
[Round "2"]
[White "oggie"]
[Black "carloswecker"]
[Result "1-0"]
[WhiteElo "2144"]
[BlackElo "1921"]

1. e4 e5 2. Nf3 Nc6 3. Bc4 Bc5 4. O-O Nf6 5. c3 O-O 6. Re1 d5 7. exd5 Nxd5 8. d4
exd4 9. cxd4 Bb4 10. Bg5 f6 11. Bd2 Bxd2 12. Nbxd2 Kh8 13. Rc1 Nb6 14. Bd3 Bg4
15. Qc2 Nb4 16. Qb3 Nxd3 17. Qxd3 Bh5 18. Qf5 Bg6 19. Qg4 Qd6 20. Nh4 f5 21.
Nxg6+ Qxg6 22. Qxg6 hxg6 23. Rxc7 Rab8 24. h4 Rfc8 25. Rxc8+ Rxc8 26. Re7 Rd8
27. Rxb7 Rxd4 28. Nf3 Ra4 29. Rb8+ 1-0

[Event "AUTO-ADV-3195"]
[Site "http://www.queenalice.com/game.php?id=1304875"]
[Date "2014.8.29"]
[Round "2"]
[White "carloswecker"]
[Black "oggie"]
[Result "0-1"]
[WhiteElo "1929"]
[BlackElo "2138"]

1. d4 d5 2. c4 e6 3. Nc3 Nf6 4. Nf3 Nbd7 5. Bg5 c6 6. e3 Bb4 7. Qc2 Qa5 8. Bxf6
Nxf6 9. Bd3 O-O 10. O-O Bxc3 11. bxc3 Qc7 12. Ne5 Nd7 13. Bxh7+ Kh8 14. Nxd7
Bxd7 15. Bd3 e5 16. e4 dxc4 17. Bxc4 f5 18. f4 exd4 19. e5 b5 20. Bb3 c5 21.
cxd4 c4 22. Qc1 Qb6 23. Bc2 Qxd4+ 24. Kh1 Qb6 25. Qd1 Rad8 26. Qh5+ Kg8 27. Rf3
Qd4 28. Rd1 Qxd1+ 29. Bxd1 Be8 0-1

[Event "noroc4"]
[Site "http://www.queenalice.com/game.php?id=1305240"]
[Date "2014.8.30"]
[Round "1"]
[White "Leovitor"]
[Black "oggie"]
[Result "0-1"]
[WhiteElo "1712"]
[BlackElo "2095"]

1. e4 c5 2. Ne2 e6 3. d4 cxd4 4. Nxd4 d6 5. Be3 Nf6 6. Nc3 a6 7. Be2 e5 8. Nb3
Be6 9. Nd5 Nbd7 10. Qd2 b5 11. f4 Nxe4 12. Qd3 Nef6 13. fxe5 Nxd5 0-1

[Event "AUTO-ADV-3161"]
[Site "http://www.queenalice.com/game.php?id=1311321"]
[Date "2014.9.29"]
[Round "2"]
[White "Pagano"]
[Black "oggie"]
[Result "1-0"]
[WhiteElo "2120"]
[BlackElo "2159"]

1. c4 c5 2. g3 e6 3. Bg2 d5 4. e3 Nf6 5. Nf3 Nc6 6. cxd5 exd5 7. O-O Bd6 8. a3
O-O 9. Qc2 Bg4 10. b3 Qd7 11. Bb2 1-0

[Event "AUTO-ADV-3161"]
[Site "http://www.queenalice.com/game.php?id=1311322"]
[Date "2014.9.29"]
[Round "2"]
[White "oggie"]
[Black "Pagano"]
[Result "0-1"]
[WhiteElo "2146"]
[BlackElo "2133"]

1. e4 c6 2. d4 d5 3. exd5 cxd5 4. c4 Nf6 5. Nf3 e6 6. Nc3 Nc6 7. Bg5 Be7 8. Bd3
dxc4 9. Bxc4 O-O 10. O-O Nd5 0-1